000 00436nam a2200157 i 4500
001 bg
100 1 _aBEFINGER, Jan
245 0 _aRusskij jazik dlja studentov fakul'tetov elektroniki, techničeskoj fiziki i elektrotechniki /
_cJan Befinger.
250 _a[Wyd.3].
260 _aGdańsk,
_c1978.
040 _cBPK
041 _apol
080 _a808.2:621.3:53](075.8)
942 _cKS
008 s pl f |000 0 pol
999 _c18445
_d18445